000 00753nam a2200205Ia 4500
003 OSt
005 20251217154645.0
008 220922b |||||||| |||| 00| 0 hin d
037 _cTB
040 _aARTS
_cARTS
_bhin
041 _2hin
_ahin
084 _aO1522v2.N5 J5
_qAL
100 _aदीक्षित, त्रिलोकी नारायण
_9857566
245 0 _aअवधी और उसका साहित्य
246 _aAvadhī aur usakā sāhitya
260 _aदिल्ली :
_b राजकमल प्रकाशन ,
_c1955 .
300 _a140पृ.
_ccm.
942 _hO1522:v2.N5 J5
_cTB
_2CC
_n0
999 _c349758
_d349758